| 000 | 00553nam a2200205Ia 4500 | ||
|---|---|---|---|
| 005 | 20221130132752.0 | ||
| 008 | 131103s9999 xx 000 0 und d | ||
| 040 | _aLoreto College | ||
| 041 | _aEnglish | ||
| 082 |
_a954.6 _bKOR |
||
| 100 | _aKorbel,Josef | ||
| 245 |
_aDanger in Kashmir _cJosef Korbel |
||
| 250 | _arev.ed. | ||
| 260 |
_aPrinceton _bPrinceton University Press _c1954 |
||
| 300 |
_axviii,401 p. _b map |
||
| 504 | _aIncludes bibliographical references and index | ||
| 650 | _aKashmir - History | ||
| 850 | _aLCLIB | ||
| 942 | _cBK | ||
| 999 |
_c10238 _d60717 |
||